000 00253nam a2200109 4500
082 _aBAN
100 _aBansal, S.P.
245 _aManagement of Hydro-Electric Power
260 _aIndia:
_bDeep and Deep Publishers,
_c1994.
300 _a214p. ;
942 _cBK
999 _c8805
_d8805